| 000 | 00901nam a2200217 a 4500 | ||
|---|---|---|---|
| 001 | BRCA_1316 | ||
| 005 | 20190320203355.0 | ||
| 008 | 990122s1998 sp-a---##b---#000-0#spa-# | ||
| 020 | _a8489913090 | ||
| 040 |
_aDLC _cDLC |
||
| 050 | 4 |
_aNK6200 _b.A78 1998 |
|
| 245 | 1 | 0 |
_aEl arte en la piel _bcolección A. Colomer Munmany. |
| 260 |
_aMadrid, España _bFundación Central Hispano : Museu de l´Art de la Pell _c1998 |
||
| 300 |
_a143 p. _bil. a color _c30 cm. |
||
| 500 | _aCatálogo de la exposición realizada en la Sala de Exposiciones de la Fundación Central Hispano, 8 octubre - 30 noviembre, 1998 | ||
| 504 | _aBiliografia : p. 141-143 | ||
| 600 | 1 | 4 |
_aColomer Munmany, A. _vExposiciones _xColecciones de arte _94306 |
| 610 | 2 | 4 |
_aMuseu de l´Arte de La Pell (Vich, España) _vExposiciones _94307 |
| 650 | 1 | 4 |
_aTrabajos en cuero _vExposiciones _xColecciones privadas _zEspaña _94308 |
| 942 |
_2lcc _cB |
||
| 999 |
_c1180 _d1180 |
||